Southville International School and Colleges
Your cart is empty.
  • Cart
  • Lists
    Public lists Eva Luna New books Lux_list list_1
    Your lists Log in to create your own lists
  • Log in to your account
  • Your cookies
  • Search history
Southville International School and Colleges
  • Advanced search
  • Recent comments
  • Most popular
  • Libraries

Log in to your account

Log in with GOOGLE


If you do not have an external account, but do have a local account, you can still log in:

  1. Home
  2. MARC view: The Filipino child /
Normal view MARC view ISBD view

The Filipino child / (Record no. 12698)

[ view plain ]
MARC details
000 -LEADER
fixed length control field 00494nam a2200169 a 4500
005 - DATE AND TIME OF LATEST TRANSACTION
control field 20140310182406.0
008 - FIXED-LENGTH DATA ELEMENTS--GENERAL INFORMATION
fixed length control field 000525s19uu xx 00 eng d
020 ## - INTERNATIONAL STANDARD BOOK NUMBER
International Standard Book Number 9719103003
050 ## - LIBRARY OF CONGRESS CALL NUMBER
Classification number HQ 792
Item number .D278 1992
100 ## - MAIN ENTRY--PERSONAL NAME
Personal name de la Torre, Visitacion R.
245 ## - TITLE STATEMENT
Title The Filipino child /
Statement of responsibility, etc Visitacion de la Torre.
260 ## - PUBLICATION, DISTRIBUTION, ETC. (IMPRINT)
Place of publication, distribution, etc Philippines :
Name of publisher, distributor, etc Tower Book House,
Date of publication, distribution, etc 1992.
300 ## - PHYSICAL DESCRIPTION
Extent 469 p. :
Other physical details ill. col. ;
Dimensions 30 cm.
650 ## - SUBJECT ADDED ENTRY--TOPICAL TERM
Topical term or geographic name as entry element Child rearing
General subdivision Philippines
942 ## - ADDED ENTRY ELEMENTS (KOHA)
Koha item type Books
Source of classification or shelving scheme Library of Congress Classification
Holdings
Withdrawn status Lost status Source of classification or shelving scheme Damaged status Home library Current library Shelving location Date acquired Total Checkouts Full call number Barcode Date last seen Date checked out Price effective from Koha item type
    Library of Congress Classification   Luxembourg Library Luxembourg Library Filipiniana Section 05/25/2000 1 HQ 792 .D278 1992 6645 10/08/2014 09/30/2014 10/10/2013 Books

The Filipino child /

APA

de la Torre V. R., . (1992). The Filipino child. Philippines: Tower Book House.

Chicago

de la Torre Visitacion R, . 1992. The Filipino child. Philippines: Tower Book House.

Harvard

de la Torre V. R., . (1992). The Filipino child. Philippines: Tower Book House.

MLA

de la Torre Visitacion R, . The Filipino child. Philippines: Tower Book House. 1992.

  • Place hold
  • Print
  • Cite
  • Add to your cart (remove)
  • Save record
    BIBTEX Dublin Core MARCXML MARC (non-Unicode/MARC-8) MARC (Unicode/UTF-8) MARC (Unicode/UTF-8, Standard) MODS (XML) RIS
  • More searches
    Search for this title in:
    Other Libraries (WorldCat) Other Databases (Google Scholar) Online Stores (Bookfinder.com) Open Library (openlibrary.org)

Exporting to Dublin Core...

SOUTHVILLE LIBRARY

Southville International School and Colleges Library

1281 Tropical Ave. Cor. Luxembourg St., BF Homes International, Las Pinas City

Tel. No. 8256374 / 252358 Loc. 117/146

Powered by Koha